| 000 | 00381nam a2200133 a 4500 | ||
|---|---|---|---|
| 001 | 000032647 | ||
| 005 | 20200930065744.0 | ||
| 008 | 110725s1922 dr 000 0 spa d | ||
| 040 |
_aDO-SdBNP _bspa _cBNPHU |
||
| 245 | 0 | 0 |
_aJuegos florales provenzales : _bHispano-Dominicano. |
| 260 |
_aSanto Domingo : _bImp. La Cuna de América, _c1922. |
||
| 300 |
_a9 p. ; _c23 cm. |
||
| 049 | _aBNPD | ||
| 999 |
_c32138 _d32138 |
||